000 00957cam a22002777a 4500
003 CHAP
005 20220329141447.0
008 971013s1990 r 00010 d
010 _a68521
011 _a69493
035 _a78970
040 _cCHAP
082 _a323.54
_bV5y
100 0 0 _aVlassoff, Carol.
_9120214
245 0 _aRepercusiones de la modernización sobre el desarrollo y el comportamiento demográfico
_b: estudios de casos en siete países del tercer mundo
_c/por Carol Vlassoff y Barkat-e-khuda
260 _aOttawa, Ont. ; CIID,
_c1990.
300 _a144p.
_b: ilus.
590 _aBATCH-UPD
_b10
_c20130110
_lUCH01
_h0344
590 _aBATCH-UPD
_b10
_c20130110
_lUCH01
_h2004
590 _aCONVERSION
_b10
_c20130109
_lUCH01
_h1338
650 1 4 _aDesarrollo de la comunidad rural.
_931995
700 0 _aBarkat-e-Khuda.
_910194
901 _aBK
942 _cLIBRO
949 _a323.54 V5y
_bBC
_cLIBRO
_d33724000302568
_eLIBRO
_h79142
_i78970
_si
999 _c68521
_d68521